[Event "Manila Campomanes Memorial op"]
[Site "Manila"]
[Date "2010.08.31"]
[Round "5"]
[White "Ankit, R Rajpara"]
[Black "Roque, Merben"]
[Result "1-0"]
[WhiteElo "2362"]
[BlackElo "2244"]
[PlyCount "103"]
[EventDate "2010.08.28"]
[EventType "swiss"]
[EventRounds "9"]
[EventCountry "PHI"]
[SourceTitle "CBM 138 Extra"]
[Source "ChessBase"]
[SourceDate "2010.10.29"]
[SourceVersion "1"]
[SourceVersionDate "2010.10.29"]
[SourceQuality "1"]

1. e4 e6 2. d4 d5 3. Nd2 Nf6 4. e5 Nfd7 5. Bd3 c5 6. c3 Nc6 7. Ne2 cxd4 8. cxd4 f6 9. exf6 Nxf6 10. Nf3 Qb6 11. 0-0 Bd6 12. Bf4 Bxf4 13. Nxf4 0-0 14. b3 Nxd4 15. Nxd4 e5 16. Nxd5 Qxd4 17. Bc4 Kh8 18. Qxd4 exd4 19. Nc7 Rb8 20. Rad1 Rd8 21. Nb5 d3 22. Rxd3 Rxd3 23. Bxd3 a6 24. Nc3 Bd7 25. Ne4 Ng4 26. Ng5 h6 27. Nf7+ Kg8 28. Bc4 Kf8 29. Nd6 Bc6 30. h3 Nf6 31. Rd1 Rd8 32. Be2 Ne8 33. Nxe8 Rxd1+ 34. Bxd1 Kxe8 35. f4 Ke7 36. Kf2 Kd6 37. Bf3 Kc5 38. Bxc6 bxc6 39. g4 Kd4 40. Kf3 c5 41. h4 a5 42. g5 h5 43. f5 Ke5 44. f6 gxf6 45. g6 Ke6 46. Kf4 Ke7 47. Kf5 a4 48. g7 Kf7 49. g8Q+ Kxg8 50. Kxf6 Kh7 51. Kg5 Kg7 52. Kxh5 1-0

[Event "Manila Campomanes Memorial op"]
[Site "Manila"]
[Date "2010.08.29"]
[Round "2"]
[White "Roque, Merben"]
[Black "Halay, Taufik"]
[Result "1-0"]
[WhiteElo "2244"]
[BlackElo "2358"]
[PlyCount "63"]
[EventDate "2010.08.28"]
[EventType "swiss"]
[EventRounds "9"]
[EventCountry "PHI"]
[SourceTitle "CBM 138 Extra"]
[Source "ChessBase"]
[SourceDate "2010.10.29"]
[SourceVersion "1"]
[SourceVersionDate "2010.10.29"]
[SourceQuality "1"]

1. a3 g6 2. g3 Bg7 3. Bg2 Nf6 4. Nf3 d6 5. 0-0 e5 6. c4 0-0 7. Nc3 Nc6 8. d3 Bg4 9. h3 Be6 10. Kh2 h6 11. e4 Nd7 12. Be3 Kh7 13. Qd2 f5 14. Rae1 Nf6 15. exf5 gxf5 16. b3 Nh5 17. d4 f4 18. d5 fxe3 19. Qxe3 Bxh3 20. Bxh3 Nd4 21. Qd3+ Kh8 22. Nxd4 exd4 23. Nb5 Be5 24. Qg6 Qg5 25. Qxg5 hxg5 26. Nxc7 Rab8 27. Ne6 Rg8 28. Bg4 Nf6 29. Bf5 b5 30. Kg2 Rb7 31. Rh1+ Nh7 32. Rh5 1-0

[Event "Manila Pichay Cup 6th"]
[Site "Manila"]
[Date "2010.08.25"]
[Round "8"]
[White "Gonzales, Jayson"]
[Black "Roque, Merben"]
[Result "1/2-1/2"]
[WhiteElo "2435"]
[BlackElo "2244"]
[PlyCount "144"]
[EventDate "2010.08.21"]
[EventType "swiss"]
[EventRounds "9"]
[EventCountry "PHI"]
[SourceTitle "CBM 138 Extra"]
[Source "ChessBase"]
[SourceDate "2010.10.29"]
[SourceVersion "1"]
[SourceVersionDate "2010.10.29"]
[SourceQuality "1"]

1. c4 Nf6 2. g3 g6 3. Bg2 Bg7 4. Nc3 0-0 5. d4 d6 6. Nf3 Nc6 7. 0-0 a6 8. b3 Rb8 9. Bb2 b5 10. cxb5 axb5 11. d5 Na5 12. Nd4 b4 13. Na4 e6 14. Nc6 Nxc6 15. dxc6 Ba6 16. a3 bxa3 17. Rxa3 Bb5 18. Nc3 d5 19. Nxb5 Rxb5 20. Qd3 Rb6 21. Rc1 Qd6 22. Ra6 Rfb8 23. Ba3 Qe5 24. Rxb6 Rxb6 25. Bc5 Rb8 26. b4 Ne8 27. e4 dxe4 28. Bxe4 Bf8 29. Bd4 Qb5 30. Qxb5 Rxb5 31. Bc3 Bg7 32. Be1 Bd4 33. Bd3 Rb8 34. Kg2 Nd6 35. Rd1 e5 36. b5 f6 37. Ba5 Ne8 38. Bc4+ Kg7 39. Rb1 Ra8 40. Bb4 Ra4 41. Be6 Ra8 42. Be7 Rb8 43. g4 g5 44. Kf1 Kg6 45. Rb3 Ng7 46. Bc4 h5 47. h3 e4 48. Bb4 Ra8 49. Bd5 f5 50. Bc3 Bxc3 51. Rxc3 Rb8 52. Rb3 hxg4 53. hxg4 Ne8 54. Be6 fxg4 55. Bxg4 Rb6 56. Be2 Nd6 57. Ra3 Kf6 58. Kg2 Ke6 59. Ra5 Kd5 60. Kg3 Kc5 61. Kg4 Nxb5 62. Kxg5 Kxc6 63. Kf4 Nc3 64. Bc4 Rb2 65. Ke3 Nd1+ 66. Kxe4 Nxf2+ 67. Kd4 Nd1 68. Ra6+ Kb7 69. Ra1 Rd2+ 70. Kc5 Ne3 71. Bb3 Rb2 72. Ba4 Rb6 1/2-1/2

[Event "Manila Pichay Cup 3rd"]
[Site "Manila"]
[Date "2007.12.07"]
[Round "9"]
[White "Halay, Taufik"]
[Black "Roque, Merben"]
[Result "1-0"]
[WhiteElo "2393"]
[BlackElo "2152"]
[PlyCount "74"]
[EventDate "2007.12.01"]
[EventType "swiss"]
[EventRounds "9"]
[EventCountry "PHI"]
[SourceTitle "CBM 122 Extra"]
[Source "ChessBase"]
[SourceDate "2008.03.04"]
[SourceVersion "1"]
[SourceVersionDate "2008.03.04"]
[SourceQuality "1"]

1. Nf3 Nf6 2. c4 g6 3. d4 c5 4. d5 b5 5. cxb5 a6 6. e3 Bg7 7. Nc3 0-0 8. bxa6 d6 9. Be2 Nbd7 10. 0-0 Qa5 11. Qc2 Bxa6 12. Bxa6 Qxa6 13. Rd1 Rfb8 14. h3 Ne8 15. Ng5 Nc7 16. Qe4 Bf6 17. Qh4 Nf8 18. Qg3 Qc4 19. Nge4 Bxc3 20. Nxc3 Nb5 21. Bd2 Nxc3 22. Bxc3 Rxa2 23. Rxa2 Qxa2 24. e4 f6 25. f4 Qa4 26. Re1 Rb3 27. e5 fxe5 28. fxe5 Qd4+ 29. Kh2 Qxd5 30. exd6 Qxd6 31. Qxd6 exd6 32. Re7 c4 33. h4 d5 34. h5 d4 35. Bxd4 Rd3 36. Rg7+ Kh8 37. Bf6 Rd6 1-0

[Event "Manila Pichay Cup 3rd"]
[Site "Manila"]
[Date "2007.12.06"]
[Round "8"]
[White "Roque, Merben"]
[Black "Tirto"]
[Result "1/2-1/2"]
[WhiteElo "2152"]
[BlackElo "2418"]
[PlyCount "127"]
[EventDate "2007.12.01"]
[EventType "swiss"]
[EventRounds "9"]
[EventCountry "PHI"]
[SourceTitle "CBM 122 Extra"]
[Source "ChessBase"]
[SourceDate "2008.03.04"]
[SourceVersion "1"]
[SourceVersionDate "2008.03.04"]
[SourceQuality "1"]

1. e4 c6 2. d4 d5 3. Nc3 dxe4 4. Nxe4 Bf5 5. Ng3 Bg6 6. h4 h6 7. Nf3 Nd7 8. h5 Bh7 9. Bd3 Bxd3 10. Qxd3 e6 11. Bf4 Qa5+ 12. Bd2 Qc7 13. 0-0-0 Ngf6 14. Ne4 Bd6 15. Nxd6+ Qxd6 16. g3 b5 17. Kb1 Qd5 18. Rdg1 Nxh5 19. g4 Nhf6 20. g5 Ne4 21. gxh6 Nxd2+ 22. Nxd2 gxh6 23. Ne4 0-0-0 24. Nc3 Qf5 25. Qxf5 exf5 26. Rh5 Rdg8 27. Rgh1 Rg6 28. Rxf5 Rf6 29. Ne4 Rxf5 30. Nd6+ Kd8 31. Nxf5 h5 32. Kc1 Nf6 33. Kd2 Kd7 34. Kd3 Ke6 35. Ng7+ Kd5 36. Re1 h4 37. Nf5 Nd7 38. Ne7+ Kd6 39. Nf5+ Kd5 40. Ne7+ Kd6 41. Nf5+ Kc7 42. Rh1 h3 43. Ke3 Nf6 44. Kf3 Kd7 45. Re1 Rh5 46. Ng3 Rh7 47. c3 a5 48. a4 bxa4 49. Ra1 h2 50. Kg2 Nd5 51. Rxa4 Nf4+ 52. Kh1 Nd3 53. Kg2 Nxb2 54. Rxa5 Nd1 55. Ra7+ Ke6 56. Ra6 Kd5 57. Ra5+ Kd6 58. Rc5 Nxf2 59. Kxf2 h1Q 60. Nxh1 Rxh1 61. Ke3 Rh4 62. Kd3 f6 63. Rf5 Ke6 64. Rc5 1/2-1/2

[Event "Manila Pichay Cup 3rd"]
[Site "Manila"]
[Date "2007.12.03"]
[Round "4"]
[White "Roque, Merben"]
[Black "Bancod, Ronald"]
[Result "1-0"]
[WhiteElo "2152"]
[BlackElo "2396"]
[PlyCount "109"]
[EventDate "2007.12.01"]
[EventType "swiss"]
[EventRounds "9"]
[EventCountry "PHI"]
[SourceTitle "CBM 122 Extra"]
[Source "ChessBase"]
[SourceDate "2008.03.04"]
[SourceVersion "1"]
[SourceVersionDate "2008.03.04"]
[SourceQuality "1"]

1. e4 c5 2. Nf3 Nc6 3. d4 cxd4 4. Nxd4 g6 5. Nc3 Bg7 6. Be3 Nf6 7. Bc4 0-0 8. Bb3 a5 9. f3 d5 10. Bxd5 Nxd5 11. Nxd5 f5 12. Nxc6 bxc6 13. Nb6 Rb8 14. Qxd8 Rxd8 15. c3 fxe4 16. fxe4 Ba6 17. Rd1 Bd3 18. Rg1 Bxe4 19. Ke2 Rxd1 20. Kxd1 Rd8+ 21. Kc1 Bf6 22. g3 Rd3 23. Re1 Bf5 24. a4 Kf7 25. Bd2 Be6 26. Kc2 Rf3 27. Be3 Bf5+ 28. Kd2 c5 29. Bxc5 Rd3+ 30. Ke2 Rd8 31. Be3 h5 32. Rc1 h4 33. b4 g5 34. bxa5 Be4 35. Kf2 hxg3+ 36. hxg3 Kg6 37. c4 Be5 38. a6 Rf8+ 39. Ke1 Bxg3+ 40. Kd2 Rd8+ 41. Ke2 g4 42. a7 Bd3+ 43. Kd2 Be4+ 44. Kc3 Rd3+ 45. Kb4 Bb7 46. Bc5 Bf4 47. Rb1 g3 48. a8Q Bxa8 49. Nxa8 e5 50. Nb6 e4 51. Nd5 Bd2+ 52. Kb5 Kg5 53. a5 e3 54. a6 e2 55. a7 1-0